[Event "EU-ch Amateur Online 1400/1700"]
[Site "Tornelo INT"]
[Date "2021.04.17"]
[Round "6"]
[White "Kosma, Maria"]
[Black "Hostasa, Petr"]
[Result "1-0"]
[WhiteElo "1271"]
[BlackElo "1544"]
[PlyCount "73"]
[EventDate "2021.04.17"]
[EventType "swiss (rapid)"]
[EventRounds "8"]
[EventCountry "NET"]
[SourceTitle "EXT 2023"]
[Source "ChessBase"]
[SourceDate "2022.10.05"]
[SourceVersion "1"]
[SourceVersionDate "2022.10.05"]
[SourceQuality "1"]

1. d4 d5 2. c4 e6 3. Nc3 Nf6 4. Bg5 Be7 5. e3 c5 6. Nf3 Nc6 7. Be2 dxc4 8. Bxc4 cxd4 9. exd4 0-0 10. 0-0 h6 11. Be3 a6 12. Ne5 Bd7 13. Qf3 Rc8 14. Bb3 b5 15. Rac1 Na5 16. Bd1 Nc4 17. Nxc4 Rxc4 18. Qg3 Kh8 19. Be2 Rc8 20. Bd3 Bc6 21. Ne2 Bd6 22. Qh3 Ng8 23. f4 Bd5 24. Nc3 Bb7 25. f5 exf5 26. Qxf5 g6 27. Qh3 h5 28. g4 Kg7 29. gxh5 Be7 30. hxg6 fxg6 31. Rxf8 Qxf8 32. Rf1 Bf6 33. Qg4 Qf7 34. h4 Nh6 35. Qg3 Rf8 36. h5 Bc6 37. Bxg6 1-0

[Event "Ceske Budejovice op-A"]
[Site "Ceske Budejovice"]
[Date "2020.07.08"]
[Round "8"]
[White "Juhanak, Daniel"]
[Black "Hostasa, Petr"]
[Result "1-0"]
[WhiteElo "1754"]
[BlackElo "1555"]
[PlyCount "75"]
[EventDate "2020.07.01"]
[EventType "swiss"]
[EventRounds "9"]
[EventCountry "CZE"]
[SourceTitle "CBM 197 Extra"]
[Source "ChessBase"]
[SourceDate "2020.09.30"]
[SourceVersion "1"]
[SourceVersionDate "2020.09.30"]
[SourceQuality "1"]

1. d4 d5 2. c4 e6 3. Nf3 Nf6 4. g3 c5 5. cxd5 Nxd5 6. Bg2 Be7 7. 0-0 Nc6 8. dxc5 Bxc5 9. Nc3 0-0 10. Nxd5 exd5 11. Ng5 h6 12. Qc2 hxg5 13. Qxc5 Be6 14. Rd1 f6 15. Bxd5 Bxd5 16. Rxd5 Qe8 17. Be3 Ne5 18. Rad1 b6 19. Qb5 Qxb5 20. Rxb5 Rad8 21. Rxd8 Rxd8 22. Bxg5 Rd1+ 23. Kg2 Kf7 24. Bf4 Nc4 25. b3 Na3 26. Rb4 Ra1 27. Ra4 Nb5 28. Ra6 Nc3 29. Rxa7+ Kg6 30. Kf3 Rxa2 31. Rxa2 Nxa2 32. Bd2 Kf5 33. Ke3 Ke5 34. Kd3 Kd5 35. Kc2 Kc5 36. Kb2 Nb4 37. Bxb4+ Kxb4 38. h4 1-0

[Event "Ceske Budejovice op-A"]
[Site "Ceske Budejovice"]
[Date "2020.07.04"]
[Round "4"]
[White "Hostasa, Petr"]
[Black "Vahala, Tomas"]
[Result "1/2-1/2"]
[WhiteElo "1555"]
[BlackElo "1804"]
[PlyCount "85"]
[EventDate "2020.07.01"]
[EventType "swiss"]
[EventRounds "9"]
[EventCountry "CZE"]
[SourceTitle "CBM 197 Extra"]
[Source "ChessBase"]
[SourceDate "2020.09.30"]
[SourceVersion "1"]
[SourceVersionDate "2020.09.30"]
[SourceQuality "1"]

1. d4 Nf6 2. Nf3 g6 3. c4 Bg7 4. Nc3 d5 5. e3 0-0 6. Be2 dxc4 7. Bxc4 b6 8. 0-0 Bb7 9. Be2 Nbd7 10. b3 c5 11. Bb2 cxd4 12. Nxd4 Nc5 13. Rc1 Rc8 14. Bf3 Qc7 15. Bxb7 Qxb7 16. b4 Ncd7 17. Qf3 Qxf3 18. Nxf3 a6 19. Ne2 b5 20. h3 Nb6 21. Rxc8 Rxc8 22. Rc1 Rxc1+ 23. Bxc1 Nfd5 24. a3 Nc4 25. Nfd4 e5 26. Nc2 f5 27. g3 Kf7 28. f4 e4 29. Kf2 Ke6 30. Ned4+ Kd6 31. g4 fxg4 32. hxg4 Nc3 33. Ke1 Bf6 34. g5 Bd8 35. Nb3 Bb6 36. Bd2 Nb1 37. Bc1 Nc3 38. Bd2 Nd5 39. Ke2 Ba7 40. Bc1 Nc3+ 41. Ke1 Bb6 42. Bd2 Nd5 43. Ke2 1/2-1/2

[Event "Pardubice op rapid 28th"]
[Site "Pardubice"]
[Date "2017.07.19"]
[Round "2"]
[White "Mojzis, Jaroslav"]
[Black "Hostasa, Petr"]
[Result "1-0"]
[WhiteElo "2107"]
[BlackElo "1540"]
[PlyCount "63"]
[EventDate "2017.07.19"]
[EventType "swiss (rapid)"]
[EventRounds "9"]
[EventCountry "CZE"]
[SourceTitle "CBM 179 Extra"]
[Source "ChessBase"]
[SourceDate "2017.08.23"]
[SourceVersion "1"]
[SourceVersionDate "2017.08.23"]
[SourceQuality "1"]

1. Nf3 d5 2. g3 Nf6 3. Bg2 e6 4. 0-0 c5 5. d4 Nc6 6. c4 dxc4 7. Qa4 Bd7 8. Qxc4 cxd4 9. Nxd4 Qb6 10. Nxc6 Bxc6 11. Bxc6+ Qxc6 12. Qxc6+ bxc6 13. Nc3 Be7 14. b3 Nd5 15. Na4 0-0 16. Bb2 Rfd8 17. Rac1 Rac8 18. Rfd1 Nb6 19. Rxd8+ Bxd8 20. Nc5 Be7 21. Kf1 Bxc5 22. Rxc5 f6 23. e4 e5 24. Ke2 Kf7 25. f4 Nd7 26. Ra5 Rc7 27. fxe5 Nxe5 28. Bxe5 fxe5 29. Rxe5 Re7 30. Rxe7+ Kxe7 31. Kd3 Kd6 32. Kd4 1-0

[Event "Tabor op"]
[Site "Tabor"]
[Date "2013.08.03"]
[Round "8"]
[White "Gruss, Petr"]
[Black "Hostasa, Petr"]
[Result "0-1"]
[WhiteElo "1797"]
[BlackElo "1544"]
[PlyCount "58"]
[EventDate "2013.07.28"]
[EventType "swiss"]
[EventRounds "9"]
[EventCountry "CZE"]
[SourceTitle "CBM 155 Extra"]
[Source "ChessBase"]
[SourceDate "2013.08.26"]
[SourceVersion "1"]
[SourceVersionDate "2013.08.26"]
[SourceQuality "1"]

1. d4 d5 2. Nf3 Nf6 3. c4 e6 4. e3 c6 5. Nc3 Nbd7 6. a3 a6 7. c5 b6 8. b4 a5 9. bxa5 Rxa5 10. cxb6 Nxb6 11. Ne5 Bd7 12. Qb3 c5 13. dxc5 Bxc5 14. Bb2 Be7 15. Be2 0-0 16. 0-0 Qb8 17. Nxd7 Nfxd7 18. Rfb1 Qa8 19. Nb5 Rc8 20. g3 Nc4 21. Rc1 Ndb6 22. Bc3 Ra4 23. Bd4 Nd7 24. Bb2 Nc5 25. Qc3 Nxb2 26. Qxb2 Bf6 27. Nc3 Ne4 28. Ra2 Nxc3 29. Rxc3 Bxc3 0-1

[Event "Tabor op"]
[Site "Tabor"]
[Date "2013.08.01"]
[Round "6"]
[White "Sourek, Martin"]
[Black "Hostasa, Petr"]
[Result "1-0"]
[WhiteElo "1840"]
[BlackElo "1544"]
[PlyCount "94"]
[EventDate "2013.07.28"]
[EventType "swiss"]
[EventRounds "9"]
[EventCountry "CZE"]
[SourceTitle "CBM 155 Extra"]
[Source "ChessBase"]
[SourceDate "2013.08.26"]
[SourceVersion "1"]
[SourceVersionDate "2013.08.26"]
[SourceQuality "1"]

1. Nf3 d5 2. g3 e6 3. Bg2 Bd6 4. 0-0 Nf6 5. d3 0-0 6. Nbd2 c5 7. e4 Nc6 8. Qe2 dxe4 9. dxe4 e5 10. c3 Be6 11. Nc4 Bxc4 12. Qxc4 h6 13. Nh4 Ne7 14. f4 Qc7 15. Be3 b6 16. f5 a6 17. h3 Kh8 18. g4 b5 19. Qe2 Nh7 20. Nf3 f6 21. h4 c4 22. g5 fxg5 23. hxg5 Ng8 24. Nh4 Ne7 25. gxh6 gxh6 26. Bxh6 Rf6 27. Be3 Bc5 28. Kf2 Rg8 29. Rh1 Ng6 30. Nxg6+ Rgxg6 31. Rag1 Qb6 32. Bf3 Bxe3+ 33. Qxe3 Qxe3+ 34. Kxe3 Rxg1 35. Rxg1 Nf8 36. Kf2 Nd7 37. Ke3 Nc5 38. Rd1 Na4 39. Rd5 Nxb2 40. Rxe5 Kg7 41. Kd4 Nd3 42. Rd5 Nc1 43. a3 Nb3+ 44. Ke5 Rc6 45. Rd6 Rc5+ 46. Ke6 a5 47. f6+ Kf8 1-0

[Event "Tabor op"]
[Site "Tabor"]
[Date "2013.07.30"]
[Round "4"]
[White "Lauko, Marian"]
[Black "Hostasa, Petr"]
[Result "1-0"]
[WhiteElo "1868"]
[BlackElo "1544"]
[PlyCount "61"]
[EventDate "2013.07.28"]
[EventType "swiss"]
[EventRounds "9"]
[EventCountry "CZE"]
[SourceTitle "CBM 155 Extra"]
[Source "ChessBase"]
[SourceDate "2013.08.26"]
[SourceVersion "1"]
[SourceVersionDate "2013.08.26"]
[SourceQuality "1"]

1. d4 d5 2. Nf3 Nf6 3. c4 e6 4. Nc3 c6 5. e3 Be7 6. Bd3 0-0 7. 0-0 b6 8. a3 c5 9. b3 Bb7 10. Ne5 Nbd7 11. Qc2 Bd6 12. f4 Ba6 13. Bb2 Bxe5 14. dxe5 Ng4 15. Nd1 Qh4 16. h3 Nh6 17. Bxh7+ Kh8 18. Bd3 Rg8 19. Qf2 Qxf2+ 20. Nxf2 Nf5 21. Rfe1 g6 22. cxd5 Kg7 23. d6 b5 24. Rac1 Rac8 25. Kh2 Nb6 26. Be4 Nd5 27. Bxd5 exd5 28. g4 Nh6 29. d7 Rc7 30. e6+ Kf8 31. Be5 1-0

[Event "Hradec Kralove op"]
[Site "Hradec Kralove"]
[Date "2013.05.19"]
[Round "6"]
[White "Lasek, Frantisek"]
[Black "Hostasa, Petr"]
[Result "1/2-1/2"]
[WhiteElo "1823"]
[BlackElo "1516"]
[PlyCount "44"]
[EventDate "2013.05.15"]
[EventType "swiss"]
[EventRounds "9"]
[EventCountry "CZE"]
[SourceTitle "CBM 154 Extra"]
[Source "ChessBase"]
[SourceDate "2013.06.25"]
[SourceVersion "2"]
[SourceVersionDate "2013.06.25"]
[SourceQuality "1"]

1. f3 e5 2. Kf2 Bc5+ 3. e3 f5 4. d4 exd4 5. g3 Nh6 6. Kg2 0-0 7. Nh3 Nc6 8. c3 dxc3 9. Nxc3 Kf7 10. Rg1 d6 11. Bd2 Ng4 12. Qe1 Nge5 13. Rd1 g6 14. Nf2 Be6 15. Nd3 Nxd3 16. Bxd3 Ne5 17. Bb1 Qd7 18. Rf1 f4 19. Be4 c6 20. Rf2 d5 21. Bc2 fxe3 22. Bxe3 Bxe3 1/2-1/2